[Event "XXVII Festival Conca della Presolana A"]
[Site "Bratto - Castione della Presolana ITA"]
[Date "2007.08.28"]
[Round "6"]
[White "Massironi, Marco"]
[Black "Miatello, Alberto"]
[Result "0-1"]
[WhiteElo "2129"]
[BlackElo "2062"]
[PlyCount "68"]
[EventDate "2007.08.23"]

1. e4 c5 2. Nf3 e6 3. d4 cxd4 4. Nxd4 Nc6 5. Nc3 a6 6. Nxc6 bxc6 7. Bd3 d6 8.
O-O Nf6 9. f4 Be7 10. Qf3 Bb7 11. Qg3 h5 12. e5 Ng4 13. Be3 Nxe3 14. Qxe3 d5
15. Qg3 Qb6+ 16. Kh1 g6 17. Qh3 c5 18. Rad1 c4 19. Be2 Bc6 20. b3 d4 21. Na4
Bxa4 22. bxa4 Rc8 23. Qf3 O-O 24. Qe4 Rfd8 25. Bf3 Rb8 26. g4 hxg4 27. Bxg4 Qb7
28. Qxb7 Rxb7 29. Be2 d3 30. cxd3 Rb2 31. Rfe1 Bh4 32. dxc4 Rxd1 33. Rxd1 Rxe2
34. Rc1 Re1+ 0-1

[Event "XXVII Festival Conca della Presolana A"]
[Site "Bratto - Castione della Presolana ITA"]
[Date "2007.08.28"]
[Round "6"]
[White "Mazzariol, Oscar"]
[Black "Reduzzi, Maurizio"]
[Result "1-0"]
[WhiteElo "2035"]
[BlackElo "2105"]
[PlyCount "89"]
[EventDate "2007.08.23"]

1. d4 d5 2. c4 e6 3. Nc3 Nf6 4. cxd5 exd5 5. Bg5 Be7 6. e3 O-O 7. Qc2 Nbd7 8.
Bd3 Re8 9. Nge2 Nf8 10. O-O Be6 11. f3 Rc8 12. e4 c5 13. e5 N6d7 14. Bxe7 Qxe7
15. f4 c4 16. Bxh7+ Nxh7 17. f5 Rf8 18. Nf4 Nxe5 19. fxe6 Nd3 20. Nxd3 cxd3 21.
exf7+ Rxf7 22. Qxd3 Nf6 23. Rae1 Qd6 24. Re5 Rcf8 25. Rff5 Qb4 26. Re2 a6 27.
h3 Qd6 28. a3 b5 29. b4 Nh5 30. Rxf7 Rxf7 31. Re5 Nf6 32. Qf5 Qc6 33. Qd3 Rc7
34. Re3 Qc4 35. Qd2 Rc8 36. Rg3 Qb3 37. Qg5 Ne8 38. Nxd5 Qd1+ 39. Kh2 Rc1 40.
Nf6+ Kf8 41. Nd7+ Kg8 42. Qd5+ Kh8 43. Rf3 Qg1+ 44. Kg3 Qe1+ 45. Kg4 1-0

[Event "XXVII Festival Conca della Presolana A"]
[Site "Bratto - Castione della Presolana ITA"]
[Date "2007.08.28"]
[Round "6"]
[White "Melotti, Dario"]
[Black "Rossi, Carlo"]
[Result "0-1"]
[WhiteElo "2067"]
[BlackElo "2340"]
[PlyCount "54"]
[EventDate "2007.08.23"]

1. c4 Nc6 2. Nc3 Ne5 3. b3 Ng6 4. g3 e5 5. Bg2 f5 6. e3 Nf6 7. Nd5 Ng4 8. h3
Nh6 9. h4 Bd6 10. h5 Nf8 11. c5 Bxc5 12. d4 Bd6 13. e4 fxe4 14. Rh4 Ne6 15.
Rxe4 c6 16. Ne3 Bb4+ 17. Bd2 Bxd2+ 18. Qxd2 exd4 19. Qxd4 O-O 20. Qd2 Qf6 21.
Rd1 d5 22. Ng4 Nxg4 23. Rxg4 Qe5+ 24. Kf1 Qxh5 25. Rh4 Qg6 26. Ne2 b6 27. Kg1
Ba6 0-1

[Event "XXVII Festival Conca della Presolana A"]
[Site "Bratto - Castione della Presolana ITA"]
[Date "2007.08.28"]
[Round "6"]
[White "Mogranzini, Roberto"]
[Black "Wall, Gavin"]
[Result "1-0"]
[WhiteElo "2411"]
[BlackElo "2328"]
[PlyCount "75"]
[EventDate "2007.08.23"]

1. e4 e5 2. Nf3 d6 3. d4 exd4 4. Nxd4 Nf6 5. Nc3 Be7 6. g3 d5 7. e5 Ne4 8. Nxe4
dxe4 9. Bg2 Qd5 10. O-O Nc6 11. Nxc6 Qxc6 12. Bd2 Be6 13. Re1 Bd5 14. Bc3 O-O
15. Qe2 e3 16. fxe3 Bxg2 17. Qxg2 Qxg2+ 18. Kxg2 Rfd8 19. Rad1 Kf8 20. Kf3 Bc5
21. Rd3 Ke7 22. Red1 c6 23. e6 Rxd3 24. Rxd3 Kxe6 25. Bxg7 f6 26. Bh6 a5 27. a4
Bb4 28. Bf4 Rc8 29. e4 b5 30. b3 Be7 31. g4 Ra8 32. Ke2 Ra7 33. Rh3 bxa4 34.
bxa4 Bb4 35. Rh6 Bf8 36. Rh5 Bb4 37. g5 Bc3 38. gxf6 1-0

[Event "XXVII Festival Conca della Presolana A"]
[Site "Bratto - Castione della Presolana ITA"]
[Date "2007.08.28"]
[Round "6"]
[White "Moncelli, Giorgio"]
[Black "Podini, Francesco"]
[Result "1-0"]
[WhiteElo "2147"]
[BlackElo "2075"]
[PlyCount "49"]
[EventDate "2007.08.23"]

1. d4 e6 2. Nf3 f5 3. c3 Nf6 4. Bg5 d5 5. e3 Bd6 6. Nbd2 O-O 7. Bd3 Nbd7 8. O-O
Qe8 9. Bf4 e5 10. dxe5 Nxe5 11. Nxe5 Bxe5 12. Nf3 Bxf4 13. exf4 Qh5 14. Re1 Bd7
15. Qb3 b6 16. Re5 Qg4 17. Re7 Rad8 18. Ne5 Qxf4 19. g3 Qg5 20. Nxd7 Rxd7 21.
Rxd7 Nxd7 22. Qxd5+ Rf7 23. Bc4 Qe7 24. Rd1 Nf8 25. Qxf5 1-0

[Event "XXVII Festival Conca della Presolana A"]
[Site "Bratto - Castione della Presolana ITA"]
[Date "2007.08.28"]
[Round "6"]
[White "Parodi, Alessandro"]
[Black "Bove, Alessandro"]
[Result "1-0"]
[WhiteElo "1961"]
[BlackElo "2173"]
[PlyCount "69"]
[EventDate "2007.08.23"]

1. d4 Nf6 2. c4 e6 3. Nc3 c5 4. d5 exd5 5. cxd5 d6 6. e4 a6 7. a4 g6 8. f3 Bg7
9. Be3 Nbd7 10. Nge2 O-O 11. Qd2 Re8 12. Nc1 Rb8 13. Be2 Ne5 14. O-O Qe7 15.
N1a2 Bd7 16. Rae1 b5 17. b4 c4 18. a5 Bc8 19. Nc1 h5 20. Bd1 Nh7 21. Bc2 g5 22.
N1e2 Bd7 23. Nd4 Ng6 24. Nce2 Be5 25. g3 Rbc8 26. f4 gxf4 27. gxf4 Bg7 28. Nc3
Bh3 29. Rf3 Bg4 30. Rg3 Nf6 31. Nc6 Qd7 32. f5 Nh4 33. Rf1 Nxe4 34. Nxe4 Nxf5
35. Nf6+ 1-0

[Event "XXVII Festival Conca della Presolana A"]
[Site "Bratto - Castione della Presolana ITA"]
[Date "2007.08.28"]
[Round "6"]
[White "Pegoraro, Nicola"]
[Black "Castrogiovanni, Carlo"]
[Result "0-1"]
[WhiteElo "2061"]
[BlackElo "2086"]
[PlyCount "106"]
[EventDate "2007.08.23"]

1. e4 c5 2. Nf3 a6 3. d4 cxd4 4. Nxd4 Nf6 5. Nc3 e5 6. Nf3 Bb4 7. Bd2 O-O 8.
Bd3 d5 9. Qe2 d4 10. Nb1 Bd6 11. Bg5 h6 12. Bh4 Nc6 13. O-O Be6 14. Nbd2 Rc8
15. a3 Be7 16. Bg3 Nd7 17. Nc4 Bf6 18. Nd6 Rc7 19. b4 Nb6 20. Nf5 Kh7 21. Qd2
Re8 22. Rfe1 Bc4 23. Rad1 Bxd3 24. Qxd3 g6 25. N5h4 Na7 26. Qb3 Qe7 27. Rd3 Nb5
28. a4 Nc3 29. Nxd4 exd4 30. Bxc7 Qxc7 31. a5 Nc8 32. Nf3 Nxe4 33. Kf1 Ncd6 34.
Nxd4 Nc4 35. Red1 Ncd6 36. Nf3 Qc4 37. Qxc4 Nxc4 38. Rd7 Re7 39. Rxe7 Bxe7 40.
Rd7 Bxb4 41. Rxf7+ Kg8 42. Rxb7 Bxa5 43. Ra7 Nc5 44. Nd4 Bb6 45. Ra8+ Kf7 46.
Nb3 Nxb3 47. cxb3 Nd2+ 48. Ke2 Nxb3 49. Rb8 Nd4+ 50. Kd3 Bc5 51. Ra8 Ne6 52. f3
Nc7 53. Rh8 Bf8 0-1

[Event "XXVII Festival Conca della Presolana A"]
[Site "Bratto - Castione della Presolana ITA"]
[Date "2007.08.28"]
[Round "6"]
[White "Pepino, Enrico"]
[Black "Piemonti, Carlo"]
[Result "0-1"]
[WhiteElo "2153"]
[BlackElo "2029"]
[PlyCount "90"]
[EventDate "2007.08.23"]

1. e4 c5 2. Nf3 d6 3. d4 cxd4 4. Nxd4 Nf6 5. Nc3 Nc6 6. Be3 Ng4 7. Bc4 Nxe3 8.
fxe3 Ne5 9. Bb3 e6 10. Qh5 g6 11. Qe2 Bg7 12. O-O-O a6 13. g4 h6 14. Kb1 Qc7
15. h4 Bd7 16. h5 g5 17. Rhf1 O-O 18. Nf5 exf5 19. Nd5 Qd8 20. exf5 Bf6 21. Rd2
Bc6 22. Rfd1 Bxd5 23. Rxd5 Qe7 24. Rxd6 Rad8 25. Rxd8 Rxd8 26. Bd5 Qb4 27. e4
Nc4 28. c3 Bxc3 29. Bxf7+ Kxf7 30. Rxd8 Nd2+ 31. Rxd2 Bxd2 32. Qd3 Bf4 33. Qd5+
Ke8 34. f6 Qe1+ 35. Kc2 Qc1+ 36. Kb3 Qe3+ 37. Kc2 Qf2+ 38. Kb3 Qb6+ 39. Kc2
Qc6+ 40. Qxc6+ bxc6 41. Kd3 Be5 42. b3 Bxf6 43. Kc4 Kd7 44. Kc5 Kc7 45. a4 a5
0-1

[Event "XXVII Festival Conca della Presolana A"]
[Site "Bratto - Castione della Presolana ITA"]
[Date "2007.08.28"]
[Round "6"]
[White "Ranfagni, Stefano"]
[Black "Capurro, Giuliano"]
[Result "1-0"]
[WhiteElo "2031"]
[BlackElo "2139"]
[PlyCount "103"]
[EventDate "2007.08.23"]

1. e4 e5 2. Nf3 Nf6 3. Nc3 d6 4. Bc4 Be7 5. d4 exd4 6. Nxd4 O-O 7. O-O Bg4 8.
Be2 Bxe2 9. Qxe2 Nc6 10. Nf5 g6 11. Nxe7+ Qxe7 12. Bg5 Qe5 13. f4 Qc5+ 14. Kh1
Nd4 15. Qd2 Nh5 16. Rad1 Ne6 17. Nd5 f6 18. Bh6 Rf7 19. f5 Ng5 20. Bxg5 fxg5
21. fxg6 Rxf1+ 22. Rxf1 h6 23. b4 Qc4 24. Qf2 Nf4 25. Nxf4 Rf8 26. Qe1 gxf4 27.
h4 Qe6 28. h5 Qxa2 29. Qd2 Qb2 30. Qd5+ Kg7 31. Qc4 c6 32. Qe6 Qe5 33. Qxe5+
dxe5 34. Rd1 Kf6 35. Rd7 Kg5 36. Rf7 Re8 37. g7 Rg8 38. Rxb7 Kxh5 39. Rxa7 Kg4
40. Rf7 Kg3 41. Kg1 h5 42. Kf1 h4 43. c4 h3 44. gxh3 f3 45. Ke1 Kxh3 46. Rxf3+
Kg4 47. Rf7 Kg5 48. b5 Kg6 49. Rc7 cxb5 50. cxb5 Kh7 51. b6 Re8 52. b7 1-0

[Event "XXVII Festival Conca della Presolana A"]
[Site "Bratto - Castione della Presolana ITA"]
[Date "2007.08.28"]
[Round "6"]
[White "Ricci, Alfredo"]
[Black "Maccagno, Giancarlo"]
[Result "0-1"]
[WhiteElo "2038"]
[BlackElo "2109"]
[PlyCount "88"]
[EventDate "2007.08.23"]

1. e4 g6 2. d4 d6 3. Nc3 c6 4. Nf3 Bg7 5. g3 Nd7 6. Bg2 e5 7. O-O Ngf6 8. h3
Qe7 9. a4 O-O 10. Re1 Rd8 11. b3 exd4 12. Nxd4 Nc5 13. Bb2 Bd7 14. Qd2 Re8 15.
Rad1 Rad8 16. b4 Na6 17. Na2 Qf8 18. c4 c5 19. Nb5 Bc6 20. Qc2 cxb4 21. Bxf6
Bxf6 22. Nxa7 Nc5 23. Nxc6 b3 24. Qd2 bxc6 25. Nc3 Qg7 26. Re3 Rb8 27. e5 Bxe5
28. Bxc6 Bxc3 29. Rxc3 Rec8 30. Bb5 Ne4 31. Rxb3 Nxd2 32. Rxd2 Rb6 33. Rd1 Qe5
34. Rbd3 Rc5 35. Rd4 Qe6 36. h4 Re5 37. Kg2 Re4 38. Rd5 Re1 39. R1d4 Ra1 40. g4
Qe1 41. h5 Qh1+ 42. Kg3 Ra3+ 43. Kf4 Rf3+ 44. Kg5 Kg7 0-1

[Event "XXVII Festival Conca della Presolana A"]
[Site "Bratto - Castione della Presolana ITA"]
[Date "2007.08.28"]
[Round "6"]
[White "Rombaldoni, Axel"]
[Black "Esen, Baris"]
[Result "1/2-1/2"]
[WhiteElo "2269"]
[BlackElo "2441"]
[PlyCount "102"]
[EventDate "2007.08.23"]

1. e4 e6 2. d4 d5 3. Nc3 Nf6 4. Bg5 dxe4 5. Nxe4 Be7 6. Bxf6 Bxf6 7. Nf3 O-O 8.
Qd2 Nd7 9. O-O-O b6 10. Bd3 Bb7 11. h4 Be7 12. Qf4 Nf6 13. Nxf6+ Bxf6 14. Ng5
g6 15. Ne4 Bg7 16. c3 Qe7 17. h5 e5 18. Qh2 Rfd8 19. hxg6 hxg6 20. dxe5 Rxd3
21. Rxd3 Bxe4 22. Re3 Bf5 23. g4 Bxg4 24. Qg2 Re8 25. Qxg4 Bxe5 26. Rhe1 Qf6
27. Kb1 Re6 28. Qe2 Qf5+ 29. Qc2 Qf6 30. Ka1 Bd6 31. Rxe6 fxe6 32. Qe4 e5 33.
Rg1 Kg7 34. b4 a5 35. a3 axb4 36. axb4 Qf7 37. f3 Qf6 38. Kb2 Qf7 39. Ka3 Qf6
40. c4 Qf7 41. Rg2 Qf6 42. Ka4 Qe6 43. Qc6 Qf7 44. Rg4 Qf5 45. Qe4 Qd7+ 46. Ka3
Qf7 47. Rg1 Qf6 48. Qg4 e4 49. Qxe4 Qc3+ 50. Ka2 Qd2+ 51. Ka1 Qc3+ 1/2-1/2

[Event "XXVII Festival Conca della Presolana A"]
[Site "Bratto - Castione della Presolana ITA"]
[Date "2007.08.28"]
[Round "6"]
[White "Rombaldoni, Denis"]
[Black "Barlocco, Carlo"]
[Result "1-0"]
[WhiteElo "2383"]
[BlackElo "2116"]
[PlyCount "47"]
[EventDate "2007.08.23"]

1. d4 d5 2. c4 c6 3. Nf3 e6 4. Qc2 Be7 5. Nc3 f5 6. Bf4 Nf6 7. g3 O-O 8. Bg2
Ne4 9. h4 b6 10. Ne5 Bb7 11. Nxe4 dxe4 12. O-O-O c5 13. d5 exd5 14. cxd5 Bd6
15. Bg5 Be7 16. d6 Bxg5+ 17. hxg5 Qxg5+ 18. e3 g6 19. Bf1 Nc6 20. Bc4+ Kg7 21.
Nd7 Rfd8 22. Qc3+ Nd4 23. Rxd4 Rxd7 24. Rdd1+ 1-0

[Event "XXVII Festival Conca della Presolana A"]
[Site "Bratto - Castione della Presolana ITA"]
[Date "2007.08.28"]
[Round "6"]
[White "Salmoiraghi, Angelo"]
[Black "Tommaselli, Giacomo"]
[Result "1-0"]
[WhiteElo "2031"]
[BlackElo "2030"]
[PlyCount "56"]
[EventDate "2007.08.23"]

1. e4 d5 2. exd5 Qxd5 3. Nc3 Qa5 4. d4 Nf6 5. Nf3 c6 6. Be2 Bf5 7. O-O e6 8.
Ne5 h6 9. Bf4 Nbd7 10. Nc4 Qd8 11. Nd6+ Bxd6 12. Bxd6 Nb6 13. Ba3 Qd7 14. Bc5
O-O-O 15. a4 Kb8 16. a5 Nbd5 17. Na4 Ne4 18. c3 Nxc5 19. Nxc5 Qc8 20. Qb3 Nc7
21. Ra4 Rd5 22. Rb4 Rxc5 23. dxc5 Rd8 24. a6 Rd2 25. Rxb7+ Ka8 26. Bf3 Nxa6 27.
Rxa7+ Kxa7 28. Qb6+ Ka8 1-0

[Event "XXVII Festival Conca della Presolana A"]
[Site "Bratto - Castione della Presolana ITA"]
[Date "2007.08.28"]
[Round "6"]
[White "Sax, Gyula"]
[Black "Bresciani, Nicola"]
[Result "1-0"]
[WhiteElo "2522"]
[BlackElo "2278"]
[PlyCount "53"]
[EventDate "2007.08.23"]

1. e4 c5 2. Nf3 d6 3. d4 cxd4 4. Nxd4 Nf6 5. Nc3 a6 6. Bg5 e6 7. f4 Qc7 8. Qf3
b5 9. Bxf6 gxf6 10. O-O-O b4 11. Nce2 Nd7 12. Ng3 Bb7 13. Qh5 Nc5 14. f5 O-O-O
15. fxe6 fxe6 16. Qh3 Qd7 17. Bc4 d5 18. Nb3 Nxb3+ 19. Bxb3 Bd6 20. exd5 Bxg3
21. Qxg3 exd5 22. Rd4 a5 23. Rhd1 Rhe8 24. Qf3 Re5 25. Qxf6 Rf5 26. Qh6 a4 27.
Bc4 1-0

[Event "XXVII Festival Conca della Presolana A"]
[Site "Bratto - Castione della Presolana ITA"]
[Date "2007.08.28"]
[Round "6"]
[White "Scalcione, Michelangelo"]
[Black "Romanishin, Oleg M."]
[Result "0-1"]
[WhiteElo "2288"]
[BlackElo "2546"]
[PlyCount "92"]
[EventDate "2007.08.23"]

1. Nf3 Nf6 2. c4 e6 3. Nc3 Bb4 4. Qc2 c5 5. a3 Ba5 6. g4 h6 7. Rg1 Nc6 8. g5
hxg5 9. Rxg5 Kf8 10. b3 d6 11. e3 e5 12. Rg1 Bxc3 13. Qxc3 Bg4 14. Be2 e4 15.
Ng5 Bxe2 16. Kxe2 Ne5 17. Bb2 Qd7 18. Qa5 Re8 19. h3 b6 20. Qa6 Rh5 21. Rg3 Qf5
22. Bxe5 dxe5 23. Rag1 Qd7 24. Nxf7 Rf5 25. Rxg7 Re7 26. Nxe5 Rfxe5 27. R7g6
Rf5 28. a4 Rf7 29. R1g2 Ne8 30. Qb5 Rxf2+ 31. Rxf2 Rxf2+ 32. Kxf2 Qf5+ 33. Ke2
Qxg6 34. Qd7 Qf7 35. Qg4 Nf6 36. Qf5 Qh5+ 37. Qxh5 Nxh5 38. d4 exd3+ 39. Kxd3
Kf7 40. Ke4 Ke6 41. a5 bxa5 42. h4 a4 43. Kd3 axb3 44. Kc3 Ke5 45. Kxb3 Ke4 46.
Ka4 Kxe3 0-1

[Event "XXVII Festival Conca della Presolana A"]
[Site "Bratto - Castione della Presolana ITA"]
[Date "2007.08.28"]
[Round "6"]
[White "Schaefer, Markus"]
[Black "Vezzosi, Paolo"]
[Result "1/2-1/2"]
[WhiteElo "2411"]
[BlackElo "2302"]
[PlyCount "92"]
[EventDate "2007.08.23"]

1. e4 d6 2. d4 Nf6 3. Nc3 g6 4. f4 Bg7 5. Nf3 O-O 6. Bd3 Na6 7. O-O c5 8. d5
Nc7 9. a4 a6 10. Qe2 Bd7 11. a5 Qe8 12. Bd2 Rd8 13. Kh1 Bb5 14. Nxb5 axb5 15.
c4 bxc4 16. Bxc4 e6 17. dxe6 fxe6 18. e5 Nfd5 19. exd6 Rxd6 20. Ng5 Qc6 21. Ne4
Rd7 22. Nc3 Rdf7 23. Qe4 Kh8 24. Rae1 Qd6 25. g3 Bd4 26. Qg2 Qc6 27. Be2 Rd8
28. Bf3 Rfd7 29. Re4 Qa6 30. Qe2 Bxc3 31. Qxa6 bxa6 32. Bxc3+ Nxc3 33. bxc3 Rd3
34. Rc4 Nd5 35. Rxc5 Rxc3 36. Rxc3 Nxc3 37. Rc1 Nb5 38. Bb7 Rd6 39. Rc6 Rxc6
40. Bxc6 Nd4 41. Bb7 Nb3 42. Bxa6 Nxa5 43. Bc8 e5 44. fxe5 Nc6 45. e6 Kg7 46.
Bd7 Ne7 1/2-1/2

[Event "XXVII Festival Conca della Presolana A"]
[Site "Bratto - Castione della Presolana ITA"]
[Date "2007.08.28"]
[Round "6"]
[White "Spassov, Liuben D."]
[Black "Aagaard, Jacob"]
[Result "1/2-1/2"]
[WhiteElo "2383"]
[BlackElo "2467"]
[PlyCount "28"]
[EventDate "2007.08.23"]

1. d4 Nf6 2. c4 e6 3. Nf3 d5 4. Nc3 c6 5. e3 a6 6. b3 c5 7. cxd5 exd5 8. Be2
Nc6 9. O-O Bd6 10. dxc5 Bxc5 11. Bb2 Ba7 12. Na4 Ne4 13. Nc3 Nf6 14. Na4 Ne4
1/2-1/2

[Event "XXVII Festival Conca della Presolana A"]
[Site "Bratto - Castione della Presolana ITA"]
[Date "2007.08.28"]
[Round "6"]
[White "Testa, Adriano"]
[Black "De Santis, Alessio"]
[Result "0-1"]
[WhiteElo "1927"]
[BlackElo "2345"]
[PlyCount "42"]
[EventDate "2007.08.23"]

1. e4 c5 2. Nf3 e6 3. d3 Nc6 4. g3 a6 5. Bg2 Be7 6. O-O h5 7. h4 e5 8. c3 d6 9.
d4 cxd4 10. cxd4 Bg4 11. d5 Nd4 12. Qd3 Bxf3 13. Bxf3 g5 14. hxg5 Bxg5 15. Bg2
Bxc1 16. Rxc1 h4 17. gxh4 Nf6 18. Nd2 Nh5 19. Bf3 Nf4 20. Qc4 Qxh4 21. Qc7 Qh2+
0-1

[Event "XXVII Festival Conca della Presolana A"]
[Site "Bratto - Castione della Presolana ITA"]
[Date "2007.08.28"]
[Round "6"]
[White "Tiviakov, Sergei"]
[Black "Shytaj, Luca"]
[Result "1-0"]
[WhiteElo "2648"]
[BlackElo "2451"]
[PlyCount "57"]
[EventDate "2007.08.23"]

1. e4 c5 2. Nf3 d6 3. d4 cxd4 4. Nxd4 Nf6 5. Nc3 a6 6. Be3 e5 7. Nb3 Be6 8. f3
Be7 9. Qd2 O-O 10. O-O-O a5 11. Bb5 Na6 12. Kb1 Qb8 13. Bb6 Nc7 14. Bxc7 Qxc7
15. g4 Rfd8 16. g5 Nh5 17. Nd5 Bxd5 18. exd5 f5 19. gxf6 Bxf6 20. Rhg1 Rf8 21.
Rg4 Nf4 22. Nd4 exd4 23. Qxf4 d3 24. Bxd3 Bxb2 25. Qe4 Bf6 26. Qxh7+ Kf7 27.
Re1 Qb6+ 28. Bb5 Rfc8 29. Rxg7+ 1-0

[Event "XXVII Festival Conca della Presolana A"]
[Site "Bratto - Castione della Presolana ITA"]
[Date "2007.08.28"]
[Round "6"]
[White "Valenti, Giuseppe"]
[Black "Stips, Felix"]
[Result "1-0"]
[WhiteElo "2221"]
[BlackElo "2041"]
[PlyCount "127"]
[EventDate "2007.08.23"]

1. e4 c5 2. Nf3 d6 3. d4 cxd4 4. Nxd4 Nf6 5. Nc3 a6 6. Bg5 e6 7. f4 h6 8. Bh4
Be7 9. Qf3 Qc7 10. O-O-O Nbd7 11. Be2 b5 12. a3 Bb7 13. Rhf1 Rg8 14. Kb1 g5 15.
fxg5 hxg5 16. Bg3 O-O-O 17. Bxb5 Ne5 18. Qf2 axb5 19. Ndxb5 Nfg4 20. Qa7 Qc5
21. Qa5 Kd7 22. Nxd6 Qxa5 23. Nxb7+ Qd5 24. Nxd8 Qxd1+ 25. Rxd1+ Kc8 26. h3 Ne3
27. Bxe5 Nxd1 28. Nc6 Nxc3+ 29. Bxc3 Kd7 30. Ne5+ Kc7 31. Ng4 Rd8 32. Kc1 Kc6
33. Ne5+ Kb7 34. Ng4 f5 35. exf5 exf5 36. Ne3 f4 37. Ng4 f3 38. gxf3 Rf8 39.
Ne5 Bd6 40. Nc4 Bc7 41. Nd2 Bf4 42. Kd1 Rf7 43. Ne4 Rh7 44. Bf6 Rxh3 45. Bxg5
Be5 46. b3 Rxf3 47. Ke2 Rh3 48. Be3 Kc6 49. Nf2 Rh8 50. Kd3 Bd6 51. a4 Rf8 52.
c3 Rb8 53. Kc4 Bg3 54. Nd3 Bd6 55. b4 Ra8 56. a5 Bc7 57. b5+ Kb7 58. a6+ Kc8
59. Nb4 Ba5 60. Nc6 Bc7 61. Bd4 Kd7 62. a7 Rg8 63. Nb8+ Bxb8 64. a8=Q 1-0

[Event "XXVII Festival Conca della Presolana A"]
[Site "Bratto - Castione della Presolana ITA"]
[Date "2007.08.28"]
[Round "6"]
[White "Vancini, Edoardo"]
[Black "D'Apa, Matteo"]
[Result "1-0"]
[WhiteElo "2308"]
[BlackElo "2055"]
[PlyCount "73"]
[EventDate "2007.08.23"]

1. c4 e5 2. Nc3 Nf6 3. Nf3 Nc6 4. a3 a5 5. e3 d6 6. d4 Bg4 7. Be2 Be7 8. d5 Nb8
9. c5 Bxf3 10. Bxf3 dxc5 11. Qb3 Ra6 12. Be2 Rb6 13. Qa4+ c6 14. e4 O-O 15.
Qxa5 cxd5 16. exd5 Rd6 17. Qa7 Nxd5 18. Qxb7 Nxc3 19. bxc3 f5 20. Rb1 Kh8 21.
O-O Nd7 22. Qb3 Nf6 23. Be3 Ne4 24. Rbd1 Nd2 25. Bxd2 Rxd2 26. Qe6 Qd6 27. Qc4
Rd8 28. Rxd2 Qxd2 29. a4 e4 30. a5 Bf6 31. a6 Bxc3 32. Rd1 Qxd1+ 33. Bxd1 Rxd1+
34. Qf1 Rd8 35. g3 g5 36. Qc4 Bb4 37. a7 1-0

[Event "XXVII Festival Conca della Presolana A"]
[Site "Bratto - Castione della Presolana ITA"]
[Date "2007.08.28"]
[Round "6"]
[White "Zimina, Olga"]
[Black "Sbarra, Marco"]
[Result "1-0"]
[WhiteElo "2377"]
[BlackElo "2233"]
[PlyCount "109"]
[EventDate "2007.08.23"]

1. e4 e5 2. Nf3 Nc6 3. Bb5 a6 4. Ba4 Nf6 5. O-O b5 6. Bb3 Bc5 7. c3 d6 8. d4
Bb6 9. a4 Bg4 10. Bg5 Rb8 11. axb5 axb5 12. Bd5 Ne7 13. h3 Bxf3 14. Qxf3 Nexd5
15. exd5 exd4 16. Nd2 h6 17. Bh4 g5 18. Bg3 dxc3 19. bxc3 Kf8 20. Rfe1 Kg7 21.
Nf1 Re8 22. Ne3 Bxe3 23. fxe3 Ne4 24. Bf2 Ra8 25. Qe2 Qf6 26. Rxa8 Rxa8 27. Rf1
Qxc3 28. Be1 Qe5 29. Qxb5 Ra2 30. Qc4 Ra7 31. Bb4 Kg6 32. Qd3 Ra1 33. Rxa1
Qxa1+ 34. Kh2 Qe5+ 35. Kg1 f5 36. Qc4 Qa1+ 37. Kh2 Qe5+ 38. Kg1 g4 39. hxg4
fxg4 40. Be1 Nf6 41. Qxc7 Qxe3+ 42. Bf2 Qe5 43. Qc4 h5 44. Qb3 Qe2 45. Bh4 Ne4
46. Qb8 Qe3+ 47. Kh1 Qc1+ 48. Kh2 Qf4+ 49. Kg1 Qf7 50. Qd8 Kh7 51. Be1 Qxd5 52.
Qe7+ Kg6 53. Qe8+ Kg5 54. Qe7+ Nf6 55. Bh4+ 1-0

[Event "XXVII Festival Conca della Presolana A"]
[Site "Bratto - Castione della Presolana ITA"]
[Date "2007.08.29"]
[Round "7"]
[White "Andreoli, Renato"]
[Black "Rombaldoni, Denis"]
[Result "0-1"]
[WhiteElo "2145"]
[BlackElo "2383"]
[PlyCount "88"]
[EventDate "2007.08.23"]

1. Nf3 Nf6 2. g3 b5 3. Bg2 Bb7 4. O-O e6 5. d3 Be7 6. e4 d6 7. c3 c5 8. a4 bxa4
9. Qxa4+ Nfd7 10. Re1 O-O 11. d4 cxd4 12. cxd4 d5 13. e5 Nc6 14. Nc3 Nb6 15.
Qd1 a5 16. h4 h6 17. Bf1 Nb4 18. Nh2 Bc6 19. Bf4 Re8 20. Rb1 Nd7 21. Nb5 Nf8
22. Qd2 Qd7 23. Nd6 Bxd6 24. exd6 f6 25. h5 Qf7 26. Be2 e5 27. Bxh6 f5 28. Be3
e4 29. Bg5 Ne6 30. Bf4 Nxf4 31. Qxf4 Qf6 32. h6 g5 33. Ng4 Qg6 34. Ne5 gxf4 35.
Nxg6 f3 36. Bf1 Kh7 37. Ne7 Bd7 38. Rec1 Kxh6 39. Rc7 Red8 40. Ra1 Kg5 41. Rc5
a4 42. Bb5 Bxb5 43. Rxb5 Rxd6 44. Rxb4 Rh6 0-1

[Event "XXVII Festival Conca della Presolana A"]
[Site "Bratto - Castione della Presolana ITA"]
[Date "2007.08.29"]
[Round "7"]
[White "Andreolini, Mauro"]
[Black "Maccagno, Giancarlo"]
[Result "1/2-1/2"]
[WhiteElo "2219"]
[BlackElo "2109"]
[PlyCount "20"]
[EventDate "2007.08.23"]

1. e4 g6 2. d4 d6 3. Nc3 c6 4. Be3 Bg7 5. Qd2 Nd7 6. O-O-O a6 7. f3 h5 8. Bd3
Qa5 9. Kb1 b5 10. Nce2 Qxd2 1/2-1/2

[Event "XXVII Festival Conca della Presolana A"]
[Site "Bratto - Castione della Presolana ITA"]
[Date "2007.08.29"]
[Round "7"]
[White "Barlocco, Carlo"]
[Black "Campomori, Bruno"]
[Result "1/2-1/2"]
[WhiteElo "2116"]
[BlackElo "2043"]
[PlyCount "175"]
[EventDate "2007.08.23"]

1. d4 e6 2. Bf4 d5 3. Nf3 Nf6 4. e3 Ne4 5. Bd3 Nd7 6. Nfd2 Nd6 7. O-O Be7 8. c4
O-O 9. Nc3 c6 10. Qc2 f5 11. f3 Nf6 12. Rae1 dxc4 13. Nxc4 Nxc4 14. Bxc4 Nd5
15. Be5 Bf6 16. Bxf6 Qxf6 17. f4 Bd7 18. Nd1 Rfc8 19. Qb3 b6 20. Nf2 Ne7 21.
Rc1 c5 22. Ba6 Rd8 23. dxc5 bxc5 24. Nd3 Bc6 25. Ne5 Be4 26. Rfd1 Nd5 27. Rxc5
g5 28. Bc4 gxf4 29. exf4 Nxf4 30. Qg3+ Ng6 31. Rxd8+ Rxd8 32. Bf1 f4 33. Qc3
Bd5 34. Nxg6 Qxg6 35. Rc8 Re8 36. Rxe8+ Qxe8 37. Qe5 Qf7 38. b3 Kf8 39. Be2 a6
40. Kf2 Qa7+ 41. Kf1 Qf7 42. Bxa6 f3 43. Qb8+ Kg7 44. Qg3+ Kf8 45. gxf3 Bxf3
46. Qf2 Qf5 47. Bc4 Qb1+ 48. Qe1 Bg2+ 49. Kf2 Qxa2+ 50. Qe2 Qxe2+ 51. Kxe2 Bh3
52. Ke3 Ke7 53. Kd4 Kd6 54. Ke4 Bg2+ 55. Kd4 h6 56. h4 e5+ 57. Kc3 Ke7 58. b4
Kf6 59. b5 Ke7 60. Kd2 Kd6 61. Ke3 Kc5 62. Bd3 Bd5 63. Be2 Kd6 64. Bf1 Ke6 65.
Bd3 Kf6 66. b6 Bb7 67. Be4 Ba6 68. Kd2 Ke6 69. Kc3 Kd6 70. Kb4 Be2 71. Ka5 Bf1
72. Bb7 Kd7 73. Ba6 Bg2 74. Bc4 Bb7 75. Kb5 Kd6 76. Bf7 e4 77. Kc4 Ke5 78. Kc3
Kf4 79. Kd2 Kf3 80. Ke1 Kg3 81. h5 Kf3 82. Bc4 Ke3 83. Be2 Kd4 84. Kf2 Kc5 85.
Ke3 Kxb6 86. Kf4 Bd5 87. Kf5 Bf7 88. Kxe4 1/2-1/2

[Event "XXVII Festival Conca della Presolana A"]
[Site "Bratto - Castione della Presolana ITA"]
[Date "2007.08.29"]
[Round "7"]
[White "Borgo, Giulio"]
[Black "Rombaldoni, Axel"]
[Result "0-1"]
[WhiteElo "2421"]
[BlackElo "2269"]
[PlyCount "94"]
[EventDate "2007.08.23"]

1. c4 e6 2. Nf3 d5 3. d4 c6 4. Qc2 Bd6 5. Bg5 Ne7 6. e4 dxe4 7. Qxe4 c5 8. Nc3
cxd4 9. Nxd4 f5 10. Qe2 h6 11. Nxe6 Bxe6 12. Bf6 Kf7 13. Bxg7 Rh7 14. Rd1 Rxg7
15. c5 Nd5 16. Qh5+ Kg8 17. Bc4 Bf7 18. Bxd5 Qe7+ 19. Kf1 Bxc5 20. Qxh6 Nc6 21.
h4 Nd4 22. Bxf7+ Qxf7 23. Rh3 Rg6 24. Qf4 Re8 25. Rhd3 Rg4 26. Qh2 Nc2 27. Nd5
Qe6 28. g3 Qe2+ 29. Kg2 Qxf2+ 30. Kh3 Qxh2+ 31. Kxh2 Kf7 32. Nf4 Ne3 33. Rd7+
Re7 34. R1d3 Rg8 35. b4 Bb6 36. a4 Ng4+ 37. Kg2 Nf6 38. Rxe7+ Kxe7 39. Nd5+
Nxd5 40. Rxd5 Ke6 41. Rb5 Rg7 42. h5 Bd4 43. h6 Rh7 44. g4 fxg4 45. Kg3 a6 46.
Rh5 Be3 47. Rh1 Ke5 0-1